Robot : Poznej stroje budoucnosti /

Enregistré dans:
Détails bibliographiques
Auteur principal: Kolektív autorov (Auteur)
Format: Livre
Langue:tchèque
Publié: Praha Euromedia Group 2019
Sujets:
Tags: Ajouter un tag
Pas de tags, Soyez le premier à ajouter un tag!

MARC

LEADER 00000nam a22000003a 4500
001 0109312
003 SK-STU
005 20240513132337.8
007 ta
008 240513s ----xo-----e------000-0-----d
020 |a 978-80-7617-820-5 
040 |a STU  |b slo 
041 0 |a cze 
044 |a xr 
100 1 |a Kolektív autorov  |4 aut 
245 1 0 |a Robot :  |b Poznej stroje budoucnosti /  |c aut. Kolektív autorov 
260 |a Praha  |b Euromedia Group  |c 2019 
300 |a 160 s. 
650 0 7 |a automatizácia a robotizácia 
996 |b 284M089673  |c M* 14840-1  |l MMKN  |s A  |a 24  |w 0109312_0001